[Event "European Online Club-ch-H 2021"]
[Site "Online"]
[Date "2021.03.27"]
[Round "5.6"]
[White "Braun, Arik"]
[Black "Mihok, Oliver"]
[Result "1-0"]
[WhiteElo "2609"]
[BlackElo "2540"]
[Annotator "ChessBase"]
[PlyCount "69"]
[EventDate "2021.03.27"]
[EventType "team-tourn"]
[EventCountry "NET"]
[SourceTitle "playchess.com"]
[Source "ChessBase"]
[SourceQuality "1"]
[TimeControl "900+5"]

1. d4 {[%emt 0:00:00]} Nf6 {[%emt 0:00:11]} 2. c4 {[%emt 0:00:02]} g6 {[%emt 0:00:13]} 3. Nf3 {[%emt 0:00:03]} Bg7 {[%emt 0:00:02]} 4. e3 {[%emt 0:00:01]} O-O {[%emt 0:00:06]} 5. Be2 {[%emt 0:00:01]} d6 {[%emt 0:00:01]} 6. Nc3 {[%emt 0:00:02]} Nbd7 {[%emt 0:00:39]} 7. O-O {[%emt 0:00:08]} e5 {[%emt 0:00:06]} 8. Qc2 {[%emt 0:00:02]} Re8 {[%emt 0:00:07]} 9. Rd1 {[%emt 0:00:03]} e4 {[%emt 0:00:18]} 10. Nd2 {[%emt 0:00:02]} Qe7 {[%emt 0:00:01]} 11. b4 {[%emt 0:00:03]} Nf8 {[%emt 0:00:08]} 12. a4 {[%emt 0:00:09]} h5 {[%emt 0:00:03]} 13. b5 {[%emt 0:00:04]} Bf5 {[%emt 0:00:08]} 14. Ba3 {[%emt 0:00:26]} c5 {[%emt 0:01:33]} 15. bxc6 {[%emt 0:00:13]} bxc6 {[%emt 0:00:03]} 16. Rab1 {[%emt 0:00:09]} N8h7 {[%emt 0:01:09]} 17. Qb3 {[%emt 0:00:30]} Rac8 {[%emt 0:01:21]} 18. Qb4 {[%emt 0:01:04]} Bf8 {[%emt 0:00:39]} 19. Qa5 {[%emt 0:02:39]} Ng4 {[%emt 0:00:34]} 20. h3 {[%emt 0:01:02]} Nh6 {[%emt 0:01:38]} 21. Nf1 {[%emt 0:00:33]} Qh4 {[%emt 0:00:57]} 22. Ng3 {[%emt 0:00:56]} Ng5 {[%emt 0:00:31]} 23. Nxf5 {[%emt 0:02:12]} Nxf5 {[%emt 0:00:04]} 24. Bf1 {[%emt 0:00:01]} Bh6 {[%emt 0:02:18]} 25. Rb2 {[%emt 0:02:04]} Rb8 {[%emt 0:00:39]} 26. Rdb1 {[%emt 0:00:33]} Rxb2 {[%emt 0:00:03]} 27. Rxb2 {[%emt 0:00:01]} Nf3+ {[%emt 0:02:26]} 28. gxf3 {[%emt 0:00:29]} exf3 {[%emt 0:00:04]} 29. Nd1 {[%emt 0:00:47]} Re4 {[%emt 0:00:13]} 30. Rb8+ {[%emt 0:00:22]} Kg7 {[%emt 0:00:18]} 31. Qd8 {[%emt 0:00:15]} Rg4+ {[%emt 0:00:24]} 32. Kh1 {[%emt 0:00:42]} Qxd8 {[%emt 0:00:26]} 33. Rxd8 {[%emt 0:00:03]} Rh4 {[%emt 0:00:05]} 34. Bxd6 {[%emt 0:00:11]} Bg5 {[%emt 0:00:09]} 35. Be5+ {[%emt 0:00:10]} 1-0

[Event "European Online Club-ch-H 2021"]
[Site "Online"]
[Date "2021.03.27"]
[Round "5.7"]
[White "Glek, Igor"]
[Black "Wagner, Dennis"]
[Result "0-1"]
[WhiteElo "2475"]
[BlackElo "2581"]
[Annotator "ChessBase"]
[PlyCount "94"]
[EventDate "2021.03.27"]
[EventType "team-tourn"]
[EventCountry "NET"]
[SourceTitle "playchess.com"]
[Source "ChessBase"]
[SourceQuality "1"]
[TimeControl "900+5"]

1. e4 {[%emt 0:00:00]} e5 {[%emt 0:00:03]} 2. Nf3 {[%emt 0:00:12]} Nc6 {[%emt 0:00:01]} 3. Nc3 {[%emt 0:00:54]} Nf6 {[%emt 0:00:03]} 4. g3 {[%emt 0:00:02]} Bc5 {[%emt 0:00:14]} 5. Bg2 {[%emt 0:00:02]} d6 {[%emt 0:00:01]} 6. d3 {[%emt 0:00:01]} a5 {[%emt 0:00:02]} 7. O-O {[%emt 0:00:04]} O-O {[%emt 0:00:01]} 8. Ne2 {[%emt 0:00:14]} h6 {[%emt 0:00:25]} 9. c4 {[%emt 0:00:25]} Bg4 {[%emt 0:00:20]} 10. h3 {[%emt 0:00:03]} Bxf3 {[%emt 0:00:09]} 11. Bxf3 {[%emt 0:00:02]} Nd4 {[%emt 0:00:26]} 12. Bg2 {[%emt 0:00:02]} c6 {[%emt 0:02:29]} 13. Kh2 {[%emt 0:00:40]} Nxe2 {[%emt 0:02:42]} 14. Qxe2 {[%emt 0:00:05]} a4 {[%emt 0:00:03]} 15. Rb1 {[%emt 0:00:26]} b5 {[%emt 0:01:06]} 16. cxb5 {[%emt 0:00:16]} cxb5 {[%emt 0:00:02]} 17. f4 {[%emt 0:00:01]} Bd4 {[%emt 0:00:18]} 18. Bd2 {[%emt 0:01:04]} Rc8 {[%emt 0:00:28]} 19. Bb4 {[%emt 0:00:04]} Bc5 {[%emt 0:00:07]} 20. Bc3 {[%emt 0:01:40]} Nd7 {[%emt 0:01:52]} 21. Rbc1 {[%emt 0:00:09]} b4 {[%emt 0:00:14]} 22. Bd2 {[%emt 0:00:04]} Qb6 {[%emt 0:00:30]} 23. h4 {[%emt 0:00:54]} Bd4 {[%emt 0:00:41]} 24. Rxc8 {[%emt 0:00:14]} Rxc8 {[%emt 0:00:00]} 25. Bh3 {[%emt 0:00:04]} Rc7 {[%emt 0:00:56]} 26. Bxd7 {[%emt 0:01:29]} Rxd7 {[%emt 0:00:03]} 27. f5 {[%emt 0:02:31]} f6 {[%emt 0:00:01]} 28. Qh5 {[%emt 0:01:03]} Rf7 {[%emt 0:00:14]} 29. Rc1 {[%emt 0:00:04]} Bxb2 {[%emt 0:00:16]} 30. Rf1 {[%emt 0:01:29]} Bc3 {[%emt 0:00:16]} 31. Qd1 {[%emt 0:01:30]} Bxd2 {[%emt 0:01:45]} 32. Qxd2 {[%emt 0:00:02]} Rc7 {[%emt 0:00:04]} 33. Rc1 {[%emt 0:00:25]} Rxc1 {[%emt 0:01:11]} 34. Qxc1 {[%emt 0:00:02]} Qf2+ {[%emt 0:00:01]} 35. Kh3 {[%emt 0:00:02]} Qxa2 {[%emt 0:00:01]} 36. Qc8+ {[%emt 0:00:05]} Kh7 {[%emt 0:00:02]} 37. Qe8 {[%emt 0:00:02]} a3 {[%emt 0:00:15]} 38. g4 {[%emt 0:00:27]} Qg8 {[%emt 0:00:26]} 39. Qg6+ {[%emt 0:00:26]} Kh8 {[%emt 0:00:01]} 40. g5 {[%emt 0:00:02]} a2 {[%emt 0:00:22]} 41. gxh6 {[%emt 0:00:07]} a1=Q {[%emt 0:00:04]} 42. hxg7+ {[%emt 0:00:03]} Qxg7 {[%emt 0:00:01]} 43. Qh5+ {[%emt 0:00:03]} Qh7 {[%emt 0:00:10]} 44. Qe8+ {[%emt 0:00:02]} Qg8 {[%emt 0:00:02]} 45. Qh5+ {[%emt 0:00:04]} Kg7 {[%emt 0:00:02]} 46. Qg6+ {[%emt 0:00:02]} Kf8 {[%emt 0:00:01]} 47. Qxf6+ {[%emt 0:00:02]} Ke8 {[%emt 0:00:01]} 0-1

[Event "European Online Club-ch-H 2021"]
[Site "Online"]
[Date "2021.03.27"]
[Round "5.8"]
[White "Buhmann, Rainer"]
[Black "Harff, Marcel"]
[Result "0-1"]
[WhiteElo "2580"]
[BlackElo "2360"]
[Annotator "ChessBase"]
[PlyCount "74"]
[EventDate "2021.03.27"]
[EventType "team-tourn"]
[EventCountry "NET"]
[SourceTitle "playchess.com"]
[Source "ChessBase"]
[SourceQuality "1"]
[TimeControl "900+5"]

1. d4 {[%emt 0:00:07]} Nf6 {[%emt 0:04:27]} 2. Nf3 {[%emt 0:00:03]} e6 {[%emt 0:00:04]} 3. c4 {[%emt 0:00:03]} d5 {[%emt 0:00:02]} 4. e3 {[%emt 0:00:01]} Be7 {[%emt 0:00:02]} 5. b3 {[%emt 0:00:03]} O-O {[%emt 0:00:02]} 6. Bd3 {[%emt 0:00:02]} c5 {[%emt 0:00:06]} 7. O-O {[%emt 0:00:03]} Nc6 {[%emt 0:00:08]} 8. Bb2 {[%emt 0:00:04]} b6 {[%emt 0:00:18]} 9. Nbd2 {[%emt 0:00:08]} Bb7 {[%emt 0:00:06]} 10. Rc1 {[%emt 0:00:21]} Rc8 {[%emt 0:00:08]} 11. Re1 {[%emt 0:00:47]} Re8 {[%emt 0:00:10]} 12. dxc5 {[%emt 0:00:36]} bxc5 {[%emt 0:00:45]} 13. cxd5 {[%emt 0:00:25]} Nxd5 {[%emt 0:00:17]} 14. Bb1 {[%emt 0:01:04]} Ndb4 {[%emt 0:00:42]} 15. Ne4 {[%emt 0:00:25]} Qb6 {[%emt 0:00:12]} 16. Nfg5 {[%emt 0:00:59]} h6 {[%emt 0:00:41]} 17. Nxf7 {[%emt 0:06:07]} Kxf7 {[%emt 0:01:03]} 18. Qh5+ {[%emt 0:00:04]} Kg8 {[%emt 0:01:12]} 19. Bxg7 {[%emt 0:02:35]} Kxg7 {[%emt 0:00:56]} 20. Nf6 {[%emt 0:00:44]} Bxf6 {[%emt 0:01:16]} 21. Qg6+ {[%emt 0:00:03]} Kf8 {[%emt 0:00:08]} 22. Qxf6+ {[%emt 0:00:02]} Kg8 {[%emt 0:00:02]} 23. Rc4 {[%emt 0:00:45]} Nd4 {[%emt 0:01:02]} 24. exd4 {[%emt 0:00:15]} e5 {[%emt 0:00:09]} 25. Qxb6 {[%emt 0:00:17]} axb6 {[%emt 0:00:04]} 26. dxe5 {[%emt 0:00:07]} Rc7 {[%emt 0:00:17]} 27. Rh4 {[%emt 0:00:14]} Rg7 {[%emt 0:00:11]} 28. g3 {[%emt 0:00:05]} Nc6 {[%emt 0:00:08]} 29. Rxh6 {[%emt 0:00:34]} Nxe5 {[%emt 0:00:04]} 30. Re3 {[%emt 0:00:10]} Nf3+ {[%emt 0:00:08]} 31. Kf1 {[%emt 0:00:01]} Rxe3 {[%emt 0:00:03]} 32. fxe3 {[%emt 0:00:02]} Nd2+ {[%emt 0:00:01]} 33. Ke2 {[%emt 0:00:01]} Nxb1 {[%emt 0:00:02]} 34. Kd3 {[%emt 0:00:10]} b5 {[%emt 0:00:21]} 35. Rh5 {[%emt 0:00:05]} Rd7+ {[%emt 0:00:11]} 36. Kc2 {[%emt 0:00:02]} Be4+ {[%emt 0:00:04]} 37. Kc1 {[%emt 0:00:01]} c4 {[%emt 0:00:09]} 0-1

[Event "European Online Club-ch-H 2021"]
[Site "Online"]
[Date "2021.03.27"]
[Round "5.9"]
[White "Parvanyan, Ashot"]
[Black "Kryvoruchko, Yuriy"]
[Result "0-1"]
[WhiteElo "2436"]
[BlackElo "2699"]
[Annotator "TA"]
[PlyCount "106"]
[EventDate "2021.03.27"]
[EventType "team-tourn"]
[EventCountry "NET"]
[SourceTitle "playchess.com"]
[Source "ChessBase"]
[SourceQuality "1"]

{[%evp 20,106,29,10,30,0,45,58,50,16,17,0,7,0,3,0,39,27,60,51,72,68,60,52,91,90,89,92,85,74,79,77,131,134,243,-54,-41,-41,-47,-45,-42,-50,114,-85,-48,-22,150,81,98,96,114,66,58,57,143,50,54,50,57,17,154,152,155,125,132,94,144,56,63,61,64,0,38,-10,-11,-32,-8,-8,-8,-148,-147,-596,-596,-581,-543,-5152,-5152,-6170,-5139]} 1. Nf3 Nf6 2. c4 e6 3. g3 d5 4. Bg2 Be7 5. O-O O-O 6. d4 dxc4 7. Qc2 a6 8. a4 Nc6 9. Qxc4 Qd5 10. Nbd2 Rd8 11. e3 Qh5 {E05: Open Catalan: 5 Nf3 Be7.} 12. h3 Nd5 13. Qe2 Bd7 {White is slightly better.} 14. Nc4 {Hoping for e4.} f6 {[#]} 15. a5 $146 ({Predecessor:} 15. Bd2 Be8 16. Rfe1 Ndb4 17. Bc3 Rd7 18. e4 Rad8 19. Rad1 Bf7 20. b3 Bf8 21. Rc1 {½-½ (21) Morcin,T (2079)-Vesely,E (2238) LSS email 2013}) 15... Ndb4 16. Bd2 Be8 17. Bc3 Nd5 18. e4 Nxc3 19. bxc3 {[%cal Bb2c3,Bc3c4][%mdl 32]} Na7 20. Ne3 Nb5 21. Qb2 Bc6 22. d5 exd5 23. exd5 Bd7 24. c4 Nd6 25. g4 Qh6 ({Black should play} 25... Qe8) 26. Nd4 $16 f5 (26... g6 $16 {was necessary.}) 27. Ndxf5 $2 ({Only move:} 27. c5 $18 Nb5 28. d6 (28. Ndxf5 Qf6 $16)) 27... Nxf5 $15 28. Nxf5 Bxf5 29. gxf5 Bf6 30. Qxb7 Qf4 $2 (30... Bxa1 $15 {keeps the upper hand.} 31. Rxa1 Qd6) 31. Rac1 $2 (31. Ra2 $16 {keeps the pressure on.}) 31... Be5 {[%csl Ge5][%cal Rf4h2]} 32. Rfd1 Bd4 $2 (32... Rab8 $11 33. Qa7 Rb3) 33. Rc2 (33. d6 $142 $1 Bxf2+ 34. Kh1 cxd6 35. Rf1) 33... Rab8 34. Qc6 ({Avoid the trap} 34. Qxa6 $2 Rd6 $19) 34... Qxf5 35. Rcd2 Bc3 36. Rd3 Rb1 37. Rxb1 (37. Qxc7 $16 Rdb8 38. Qg3) 37... Qxd3 $14 38. Qe6+ Kh8 39. Be4 Qd2 (39... Qxc4 $11 40. Rb7 Rg8) 40. Qe7 $16 {[%cal Re7d8][%mdl 64] [#] Double Attack} ({Inferior is} 40. Qxa6 Bd4 $11) 40... Rg8 41. Qxc7 Bd4 42. Rf1 Rf8 {[%cal Rf8f2] [#]} 43. Qg3 (43. Kh1 $1 $16) 43... Bc5 $14 44. Kg2 Qxa5 45. Bf3 ({White should try} 45. Qh4 $14 h6 46. Qg4) 45... Qb6 46. Qg4 a5 47. Qe6 {Strongly threatening Qxb6.} Qb3 {[%mdl 1024] Black has compensation.} 48. Qe4 a4 {And now ...a3 would win.} 49. Be2 (49. d6 $11 a3 50. Bd1) 49... Qb2 {...a3 is the strong threat.} 50. Kh1 $2 {[%mdl 8192]} (50. d6 $17 {is a better chance.} Bxd6 51. Bd3) 50... a3 $19 {Black is clearly winning.} 51. Bd3 {[%csl Gd3][%cal Re4h7]} g6 52. f4 a2 53. d6 a1=Q {Both players deserved the win here.  Weighted Error Value: White=0.74/Black=0.32} 0-1

[Event "European Online Club-ch-H 2021"]
[Site "Online"]
[Date "2021.03.27"]
[Round "5.10"]
[White "Eljanov, Pavel"]
[Black "Olsen, Filip Boe"]
[Result "1-0"]
[WhiteElo "2672"]
[BlackElo "2379"]
[Annotator "ChessBase"]
[PlyCount "51"]
[EventDate "2021.03.27"]
[EventType "team-tourn"]
[EventCountry "NET"]
[SourceTitle "playchess.com"]
[Source "ChessBase"]
[SourceQuality "1"]
[TimeControl "900+5"]

1. e4 {[%emt 0:00:00]} c5 {[%emt 0:00:06]} 2. Nc3 {[%emt 0:00:12]} d6 {[%emt 0:00:07]} 3. Nge2 {[%emt 0:01:05]} Nf6 {[%emt 0:00:06]} 4. g3 {[%emt 0:00:16]} g6 {[%emt 0:00:10]} 5. Bg2 {[%emt 0:00:02]} Bg7 {[%emt 0:00:02]} 6. O-O {[%emt 0:00:04]} O-O {[%emt 0:00:02]} 7. d4 {[%emt 0:00:53]} cxd4 {[%emt 0:00:16]} 8. Nxd4 {[%emt 0:00:01]} a6 {[%emt 0:00:34]} 9. h3 {[%emt 0:02:15]} Bd7 {[%emt 0:01:12]} 10. Be3 {[%emt 0:00:41]} Nc6 {[%emt 0:00:11]} 11. Nde2 {[%emt 0:00:39]} b5 {[%emt 0:01:41]} 12. Nd5 {[%emt 0:00:35]} Nxd5 {[%emt 0:02:34]} 13. exd5 {[%emt 0:00:03]} Na5 {[%emt 0:00:10]} 14. Bd4 {[%emt 0:00:41]} Rc8 {[%emt 0:00:35]} 15. Re1 {[%emt 0:01:01]} Bf5 {[%emt 0:02:28]} 16. Bxg7 {[%emt 0:00:36]} Kxg7 {[%emt 0:00:03]} 17. Nd4 {[%emt 0:00:08]} Bd7 {[%emt 0:01:42]} 18. b3 {[%emt 0:02:35]} Re8 {[%emt 0:01:40]} 19. Qd2 {[%emt 0:00:30]} e5 {[%emt 0:00:46]} 20. dxe6 {[%emt 0:00:02]} fxe6 {[%emt 0:00:02]} 21. Rad1 {[%emt 0:00:06]} Kg8 {[%emt 0:01:17]} 22. Re3 {[%emt 0:01:58]} d5 {[%emt 0:00:44]} 23. Rde1 {[%emt 0:00:24]} Nc6 {[%emt 0:00:19]} 24. Nxe6 {[%emt 0:00:03]} Qf6 {[%emt 0:00:01]} 25. Qxd5 {[%emt 0:00:06]} Kh8 {[%emt 0:00:03]} 26. Qxd7 {[%emt 0:00:04]} 1-0

[Event "European Online Club-ch-H 2021"]
[Site "Online"]
[Date "2021.03.27"]
[Round "5.11"]
[White "Pajeken, Jakob Leon"]
[Black "Baklan, Vladimir"]
[Result "1/2-1/2"]
[WhiteElo "2323"]
[BlackElo "2587"]
[Annotator "ChessBase"]
[PlyCount "109"]
[EventDate "2021.03.27"]
[EventType "team-tourn"]
[EventCountry "NET"]
[SourceTitle "playchess.com"]
[Source "ChessBase"]
[SourceQuality "1"]
[TimeControl "900+5"]

1. d4 {[%emt 0:00:00]} Nf6 {[%emt 0:00:03]} 2. Nf3 {[%emt 0:00:02]} g6 {[%emt 0:00:02]} 3. g3 {[%emt 0:00:02]} Bg7 {[%emt 0:00:01]} 4. Bg2 {[%emt 0:00:01]} O-O {[%emt 0:00:02]} 5. O-O {[%emt 0:00:01]} d6 {[%emt 0:00:01]} 6. c4 {[%emt 0:00:02]} c6 {[%emt 0:00:03]} 7. Nc3 {[%emt 0:00:02]} Bf5 {[%emt 0:00:02]} 8. Qe1 {[%emt 0:00:02]} d5 {[%emt 0:00:21]} 9. b3 {[%emt 0:00:03]} Ne4 {[%emt 0:00:16]} 10. Be3 {[%emt 0:00:06]} Nxc3 {[%emt 0:00:05]} 11. Qxc3 {[%emt 0:00:03]} Be4 {[%emt 0:00:02]} 12. Rfd1 {[%emt 0:00:19]} e6 {[%emt 0:00:50]} 13. Qb4 {[%emt 0:01:32]} Qb6 {[%emt 0:00:10]} 14. Qd2 {[%emt 0:01:34]} Qd8 {[%emt 0:01:21]} 15. Qb4 {[%emt 0:00:21]} Qb6 {[%emt 0:00:10]} 16. Qd2 {[%emt 0:00:02]} Qd8 {[%emt 0:00:38]} 17. h4 {[%emt 0:01:00]} Nd7 {[%emt 0:00:09]} 18. Rac1 {[%emt 0:00:16]} a5 {[%emt 0:00:15]} 19. cxd5 {[%emt 0:00:29]} exd5 {[%emt 0:00:10]} 20. Bg5 {[%emt 0:00:26]} Nf6 {[%emt 0:01:43]} 21. Qf4 {[%emt 0:00:15]} Nh5 {[%emt 0:00:05]} 22. Qe3 {[%emt 0:00:38]} Qc7 {[%emt 0:00:29]} 23. g4 {[%emt 0:01:30]} Nf6 {[%emt 0:00:06]} 24. Ne5 {[%emt 0:00:30]} Bxg2 {[%emt 0:00:25]} 25. Kxg2 {[%emt 0:00:04]} Rae8 {[%emt 0:01:27]} 26. Qf3 {[%emt 0:00:11]} Ne4 {[%emt 0:00:06]} 27. Bf4 {[%emt 0:00:06]} Qd8 {[%emt 0:00:14]} 28. Rh1 {[%emt 0:01:17]} f6 {[%emt 0:00:40]} 29. Nd3 {[%emt 0:00:05]} f5 {[%emt 0:00:02]} 30. Be5 {[%emt 0:00:18]} fxg4 {[%emt 0:02:04]} 31. Qxg4 {[%emt 0:00:04]} Nf6 {[%emt 0:00:01]} 32. Qg5 {[%emt 0:00:10]} Qc8 {[%emt 0:00:21]} 33. f3 {[%emt 0:00:14]} Nh5 {[%emt 0:00:05]} 34. Bxg7 {[%emt 0:00:27]} Kxg7 {[%emt 0:00:30]} 35. Ne5 {[%emt 0:00:05]} Nf4+ {[%emt 0:01:09]} 36. Kf1 {[%emt 0:00:33]} Ne6 {[%emt 0:00:08]} 37. Qd2 {[%emt 0:00:17]} Qd8 {[%emt 0:00:30]} 38. Kf2 {[%emt 0:00:59]} Nf4 {[%emt 0:00:54]} 39. e3 {[%emt 0:00:15]} Nh5 {[%emt 0:00:03]} 40. Rcg1 {[%emt 0:00:08]} Qf6 {[%emt 0:00:17]} 41. Qe2 {[%emt 0:00:13]} Re7 {[%emt 0:00:21]} 42. Rg5 {[%emt 0:00:08]} c5 {[%emt 0:00:09]} 43. Rhg1 {[%emt 0:00:13]} cxd4 {[%emt 0:00:09]} 44. Rxh5 {[%emt 0:00:58]} Rxe5 {[%emt 0:00:06]} 45. Rxe5 {[%emt 0:00:07]} Qxe5 {[%emt 0:00:04]} 46. exd4 {[%emt 0:00:18]} Qxd4+ {[%emt 0:00:13]} 47. Kg2 {[%emt 0:00:04]} Qf6 {[%emt 0:00:19]} 48. Rd1 {[%emt 0:00:17]} Rd8 {[%emt 0:00:07]} 49. Qb5 {[%emt 0:00:12]} Qxh4 {[%emt 0:00:31]} 50. Qxb7+ {[%emt 0:00:09]} Kg8 {[%emt 0:00:04]} 51. Rxd5 {[%emt 0:00:05]} Re8 {[%emt 0:00:06]} 52. Re5 {[%emt 0:00:08]} Rd8 {[%emt 0:00:21]} 53. Rd5 {[%emt 0:00:07]} Re8 {[%emt 0:00:06]} 54. Re5 {[%emt 0:00:13]} Rd8 {[%emt 0:00:10]} 55. Rd5 {[%emt 0:00:04]} 1/2-1/2

[Event "European Online Club-ch-H 2021"]
[Site "Online"]
[Date "2021.03.27"]
[Round "5.12"]
[White "Brodsky, Michail"]
[Black "Arndt, Magnus"]
[Result "0-1"]
[WhiteElo "2524"]
[BlackElo "2282"]
[Annotator "ChessBase"]
[PlyCount "88"]
[EventDate "2021.03.27"]
[EventType "team-tourn"]
[EventCountry "NET"]
[SourceTitle "playchess.com"]
[Source "ChessBase"]
[SourceQuality "1"]
[TimeControl "900+5"]

1. d4 {[%emt 0:00:00]} Nf6 {[%emt 0:00:03]} 2. c4 {[%emt 0:00:03]} e6 {[%emt 0:00:01]} 3. Nc3 {[%emt 0:00:01]} Bb4 {[%emt 0:00:02]} 4. f3 {[%emt 0:00:02]} d5 {[%emt 0:00:51]} 5. a3 {[%emt 0:00:05]} Bxc3+ {[%emt 0:00:04]} 6. bxc3 {[%emt 0:00:01]} c5 {[%emt 0:00:02]} 7. cxd5 {[%emt 0:00:02]} exd5 {[%emt 0:00:51]} 8. e3 {[%emt 0:00:04]} O-O {[%emt 0:00:15]} 9. Bd3 {[%emt 0:00:03]} b6 {[%emt 0:00:11]} 10. Ne2 {[%emt 0:00:02]} Ba6 {[%emt 0:00:06]} 11. O-O {[%emt 0:00:03]} Bxd3 {[%emt 0:01:17]} 12. Qxd3 {[%emt 0:00:04]} Re8 {[%emt 0:00:01]} 13. Ng3 {[%emt 0:00:07]} Nc6 {[%emt 0:00:04]} 14. Bb2 {[%emt 0:00:04]} Rc8 {[%emt 0:00:20]} 15. Rae1 {[%emt 0:01:15]} Qd7 {[%emt 0:00:58]} 16. e4 {[%emt 0:00:51]} cxd4 {[%emt 0:00:26]} 17. cxd4 {[%emt 0:00:05]} dxe4 {[%emt 0:00:18]} 18. fxe4 {[%emt 0:00:01]} Ne5 {[%emt 0:00:02]} 19. Qd1 {[%emt 0:03:22]} Nc4 {[%emt 0:00:16]} 20. Bc1 {[%emt 0:01:12]} Rcd8 {[%emt 0:01:43]} 21. e5 {[%emt 0:00:30]} Nd5 {[%emt 0:00:33]} 22. Qd3 {[%emt 0:00:28]} b5 {[%emt 0:00:26]} 23. Rd1 {[%emt 0:00:24]} Re6 {[%emt 0:00:56]} 24. Ne4 {[%emt 0:00:53]} Rg6 {[%emt 0:00:19]} 25. Qf3 {[%emt 0:00:20]} h6 {[%emt 0:00:43]} 26. h4 {[%emt 0:00:29]} a5 {[%emt 0:01:16]} 27. h5 {[%emt 0:00:08]} Rb6 {[%emt 0:00:12]} 28. Nc5 {[%emt 0:00:37]} Qe7 {[%emt 0:00:08]} 29. Rde1 {[%emt 0:00:41]} Nc7 {[%emt 0:00:35]} 30. Re4 {[%emt 0:00:36]} Ne6 {[%emt 0:00:19]} 31. Nxe6 {[%emt 0:00:02]} Qxe6 {[%emt 0:00:00]} 32. Rg4 {[%emt 0:00:04]} Qd5 {[%emt 0:02:47]} 33. Qg3 {[%emt 0:00:09]} Kh8 {[%emt 0:00:01]} 34. Kh1 {[%emt 0:02:22]} Rg8 {[%emt 0:01:02]} 35. Qf2 {[%emt 0:01:26]} b4 {[%emt 0:00:23]} 36. axb4 {[%emt 0:00:07]} axb4 {[%emt 0:00:00]} 37. Rf4 {[%emt 0:00:15]} b3 {[%emt 0:00:12]} 38. Bb2 {[%emt 0:00:02]} Ra6 {[%emt 0:00:12]} 39. Rxf7 {[%emt 0:00:19]} Ra2 {[%emt 0:00:05]} 40. Qg3 {[%emt 0:00:11]} Rxb2 {[%emt 0:00:08]} 41. Qg6 {[%emt 0:00:01]} Ne3 {[%emt 0:00:07]} 42. Rxg7 {[%emt 0:00:08]} Qxg2+ {[%emt 0:00:03]} 43. Qxg2 {[%emt 0:00:03]} Rxg2 {[%emt 0:00:00]} 44. Rb7 {[%emt 0:00:04]} Nxf1 {[%emt 0:00:04]} 0-1

[Event "European Online Club-ch-H 2021"]
[Site "Online"]
[Date "2021.03.27"]
[Round "5.13"]
[White "Vasli, Aref"]
[Black "Vaisser, Anatoly"]
[Result "0-1"]
[WhiteElo "2384"]
[BlackElo "2501"]
[Annotator "ChessBase"]
[PlyCount "132"]
[EventDate "2021.03.27"]
[EventType "team-tourn"]
[EventCountry "NET"]
[SourceTitle "playchess.com"]
[Source "ChessBase"]
[SourceQuality "1"]
[TimeControl "900+5"]

1. e4 {[%emt 0:00:00]} c5 {[%emt 0:00:04]} 2. Nf3 {[%emt 0:00:02]} Nc6 {[%emt 0:00:03]} 3. Bb5 {[%emt 0:00:07]} e6 {[%emt 0:00:04]} 4. O-O {[%emt 0:00:05]} Nge7 {[%emt 0:00:05]} 5. Re1 {[%emt 0:00:03]} a6 {[%emt 0:00:22]} 6. Bf1 {[%emt 0:00:03]} d5 {[%emt 0:00:12]} 7. exd5 {[%emt 0:00:21]} Nxd5 {[%emt 0:00:17]} 8. d4 {[%emt 0:00:06]} cxd4 {[%emt 0:00:17]} 9. Nxd4 {[%emt 0:00:02]} Be7 {[%emt 0:00:32]} 10. Nxc6 {[%emt 0:00:06]} bxc6 {[%emt 0:00:03]} 11. c4 {[%emt 0:00:10]} Nb4 {[%emt 0:00:09]} 12. Qa4 {[%emt 0:00:25]} O-O {[%emt 0:00:35]} 13. a3 {[%emt 0:00:51]} Nd3 {[%emt 0:00:11]} 14. Rd1 {[%emt 0:00:03]} Nc5 {[%emt 0:00:04]} 15. Qc2 {[%emt 0:00:02]} Qc7 {[%emt 0:00:13]} 16. b4 {[%emt 0:00:36]} Nd7 {[%emt 0:00:11]} 17. Nc3 {[%emt 0:00:31]} a5 {[%emt 0:00:16]} 18. Rb1 {[%emt 0:00:35]} axb4 {[%emt 0:00:12]} 19. axb4 {[%emt 0:00:04]} Rb8 {[%emt 0:00:56]} 20. c5 {[%emt 0:01:15]} Nf6 {[%emt 0:00:15]} 21. Bc4 {[%emt 0:00:55]} e5 {[%emt 0:00:13]} 22. Bg5 {[%emt 0:00:12]} Bg4 {[%emt 0:00:19]} 23. Re1 {[%emt 0:00:29]} Bh5 {[%emt 0:00:29]} 24. Rb3 {[%emt 0:00:10]} Rfe8 {[%emt 0:00:54]} 25. h3 {[%emt 0:02:44]} Bg6 {[%emt 0:00:08]} 26. Qe2 {[%emt 0:00:05]} e4 {[%emt 0:00:13]} 27. Qe3 {[%emt 0:00:19]} Rbd8 {[%emt 0:01:00]} 28. Bf4 {[%emt 0:00:08]} Qa7 {[%emt 0:00:31]} 29. Rc1 {[%emt 0:01:06]} Nh5 {[%emt 0:00:22]} 30. Bh2 {[%emt 0:00:17]} Bf6 {[%emt 0:00:22]} 31. Ne2 {[%emt 0:00:07]} h6 {[%emt 0:00:21]} 32. Rf1 {[%emt 0:00:13]} Bg5 {[%emt 0:00:07]} 33. Qc3 {[%emt 0:00:04]} Bd2 {[%emt 0:00:15]} 34. Qb2 {[%emt 0:00:08]} e3 {[%emt 0:00:17]} 35. Bd6 {[%emt 0:00:33]} exf2+ {[%emt 0:00:19]} 36. Kxf2 {[%emt 0:00:02]} Rxd6 {[%emt 0:00:15]} 37. Kg1 {[%emt 0:01:49]} Be3+ {[%emt 0:00:26]} 38. Rxe3 {[%emt 0:02:01]} Rxe3 {[%emt 0:00:07]} 39. Ra1 {[%emt 0:00:01]} Rxe2 {[%emt 0:01:01]} 40. Bxe2 {[%emt 0:00:10]} Rd2 {[%emt 0:00:05]} 41. Qc3 {[%emt 0:00:34]} Qd7 {[%emt 0:00:23]} 42. Ra8+ {[%emt 0:00:18]} Kh7 {[%emt 0:00:04]} 43. Bf3 {[%emt 0:00:02]} Nf4 {[%emt 0:00:21]} 44. b5 {[%emt 0:00:17]} Be4 {[%emt 0:01:03]} 45. Bxe4+ {[%emt 0:00:11]} Ng6 {[%emt 0:00:54]} 46. bxc6 {[%emt 0:00:13]} Rd1+ {[%emt 0:00:04]} 47. Kf2 {[%emt 0:00:01]} Qe7 {[%emt 0:00:21]} 48. Bf3 {[%emt 0:00:09]} Rb1 {[%emt 0:00:50]} 49. Ra4 {[%emt 0:00:08]} Rb5 {[%emt 0:00:45]} 50. Rc4 {[%emt 0:00:07]} Ne5 {[%emt 0:00:08]} 51. Qc2+ {[%emt 0:00:02]} g6 {[%emt 0:00:05]} 52. Rc3 {[%emt 0:00:05]} Nxf3 {[%emt 0:00:16]} 53. gxf3 {[%emt 0:00:02]} Qh4+ {[%emt 0:00:13]} 54. Kg2 {[%emt 0:00:01]} Qg5+ {[%emt 0:00:03]} 55. Kf1 {[%emt 0:00:02]} Qg3 {[%emt 0:00:10]} 56. Rb3 {[%emt 0:00:17]} Qxh3+ {[%emt 0:00:04]} 57. Kg1 {[%emt 0:00:02]} Qg3+ {[%emt 0:00:03]} 58. Kf1 {[%emt 0:00:01]} Ra5 {[%emt 0:00:12]} 59. Qc3 {[%emt 0:00:15]} Ra2 {[%emt 0:00:09]} 60. Rb2 {[%emt 0:00:01]} Ra1+ {[%emt 0:00:24]} 61. Ke2 {[%emt 0:00:02]} Qg2+ {[%emt 0:00:05]} 62. Ke3 {[%emt 0:00:05]} Qg1+ {[%emt 0:00:13]} 63. Kd3 {[%emt 0:00:08]} Qf1+ {[%emt 0:00:09]} 64. Ke3 {[%emt 0:00:07]} Re1+ {[%emt 0:00:15]} 65. Kf4 {[%emt 0:00:01]} Qh3 {[%emt 0:00:07]} 66. Qc2 {[%emt 0:00:13]} Qh4# {[%emt 0:00:06]} 0-1